000 00780nam a2200253 i 4500
003 DO-SdBNP
005 20241219073813.0
007 ta
008 241218s2018 dr 000 0 spa d
020 _a97881728831749
040 _aDO-SdBNP
_bspa
_cBNPHU
_erda
082 _axxx
_bG216
_222
100 1 _aGarcía Cartagena, Manuel
_912067
_eautor
_4aut.
245 1 0 _aVisiones y Re/visiones :
_bde obras literarias dominicanas /
_cManuel García Cartagena
250 _a1a. edición
264 1 _aSanto Domingo :
_bEdiciones Bangó,
_c©2018.
300 _a286 páginas
_c23 cm.
336 _atexto
_btxt
_2rdacontent
337 _asin mediación
_bn
_2rdamedia
338 _avolumen
_bnc
_2rdacarrier
590 _aInventariado, 2024/ YL
910 _aYLockward
942 _2ddc
_cLBS1
999 _c57979
_d57979